Exploradores e aventureiros (Registo nº 4090)
[ vista simples ]
| 000 -Etiqueta do registo | |
|---|---|
| Cabeçalho | 00606nam a2200217 4500 |
| 005 - Identificador da versão | |
| Campo de controlo | 20240813122052.0 |
| 010 ## - Número internacional normalizado dos livros (ISBN) | |
| Número (ISBN) | 9727301304 |
| 100 ## - Dados gerais de processamento | |
| Dados gerais de processamento | 20000110d1998 a y0pory5003 ba |
| 102 ## - Pais de publicação ou produção | |
| País de publicação | Portugal |
| 101 0# - Língua de publicação | |
| Língua do texto, banda sonora, etc. | Português |
| 215 ## - Descrição física | |
| Indicação específica da natureza do documento e extensão da espécie | 87p. |
| Outras indicações físicas | il. |
| Dimensões | 31cm |
| 200 1# - Titulo e menção de responsabilidade | |
| Título próprio | Exploradores e aventureiros |
| Primeira menção de responsabilidade | ddirecção editorial Rogério Moreira |
| Outras menções de responsabilidade | tradução de Cristina Soeiro |
| 225 1# - Colecção | |
| Título próprio da colecção | A minha primeira biblioteca |
| Indicação de volume | 18 |
| 210 ## - Publicação, Distribuição, etc. | |
| Lugar da edição, distribuição, etc. | [Estoril] |
| Nome do editor, distribuidor, etc. | Marus |
| Data da publicação, distribuição, etc. | 1998 |
| 675 ## - Classificação Decimal Universal (CDU) | |
| Notação | 030 |
| Edição | 2 |
| Língua da edição | por |
| 702 #1 - Nome de autor-pessoa física (responsabilidade secundária) | |
| Número de registo de entrada de autoridade | 0000663 |
| Palavra de ordem | Soeiro |
| Outra parte do nome não tomada para palavra de ordem | Cristina |
| Código de função | Tradutor |
| 942 ## - Elementos de entrada adicionados (Koha) | |
| Tipo de item no Koha | Livro |
| Situação do levantamento | Origin of item (home branch) (coded) | Biblioteca de empréstimo | Código de barras | Cota | Circulation type (not for loan) | Tipo de documento | Nota do exemplar | Damaged status |
|---|---|---|---|---|---|---|---|---|
| Biblioteca Escolar das Vendas | Biblioteca Escolar das Vendas | BEV824 | 9GEO EXP | Livro | Sem mensagem |
